00577nam a2200205 a 4500001001300000003000900013005001700022008004100039020002500080082001500105100002100120245006000141260003300201300000900234500003500243505001000278650002700288650003500315700002100350nice12345678IN_TiNIC20260116013152.0050524s1994 newa grp 000 0 eng  a0883445 c857.500a226.3bKIN aKinukawa, Hisako aWomen and Jesus in Markb Japanese Feminist Perspective aNew YorkbOrbis Books c1994 a156p aincludes index and biblioraphy2 aIndex aBible N.T. Gospel Mark aWomen-Christian Theology-Japan1 aKinukawa, Hisako